| 000 | 00718nam a2200229 a 4500 | ||
|---|---|---|---|
| 999 |
_c516 _d516 |
||
| 005 | 20200104041512.0 | ||
| 008 | 140220b1976 ck ||||| |||| 00| 0 spa d | ||
| 040 |
_aCO-BoIAVH _cCO-BoIAVH |
||
| 041 | _aspa | ||
| 044 | _ack | ||
| 090 |
_aIND-I _b11 |
||
| 100 | _aHernández Camacho, Jorge Ignacio | ||
| 245 | _aIntroducción a la problemática de la conservación y manejo de los manglares en Colombia | ||
| 260 |
_aBogotá _bInderena _c1976 |
||
| 300 | _a51 páginas | ||
| 650 | 1 | 4 | _aManglar |
| 650 | 1 | 4 | _aConservación de biodiversidad |
| 650 | 1 | 4 | _aManejo de biodiversidad |
| 650 | 1 | 4 | _aDistribución geográfica |
| 650 | 1 | 4 | _aAprovechamiento forestal |
| 942 |
_cINFORME _2z |
||